000 00737nam a22002177a 4500
005 20251108164121.0
008 250721s1997 xx 000 0 ara d
082 1 4 _a306.2/عمر
100 1 _aالعمري، بلال خلف
245 1 0 _aأثر المتغيرات الإجتماعية الإقتصادية على الثقافة السياسية 000 /
264 1 _aعمان :
_bمركز الريادة للمعلومات،
_c1997.
300 _a139ص
490 0 _aدراسات ؛3
650 1 7 _aالثقافة
650 1 7 _aالثقافة العربية
650 1 7 _aالحركات الطلابية
650 1 7 _aالأحزاب السياسية
650 1 7 _aطلاب الجامعات
942 _2ddc
_cBK
999 _c4059
_d4059